00409nam a2200145Ia 450000500170000000800410001703700130005804000200007104100130009108400210010410000140012524500790013926000360021830000090025420250326124746.0250326s9999 xx 000 0 und d aTextbook aFMSLbengcFMSL aeng2eng aX:89Q L2;1qFMSL aBuffa E S 0aProduction-inventory systems: planning and controlcBuffa E S; Taubert W H aUSAbUSA, Richard D Irwinc1972 a616p